Statistieken voor Montenegro Trivia Quiz

Klik hier om de quiz te nemen!

Algemene statistieken

  • Deze quiz is 187 keer genomen
  • De gemiddelde score is 15 van 19

Antwoordstatistieken

HintAntwoord% Correct
Aangrenzende landenBosnië en Herzegovina
100%
Aangrenzende landenServië
99%
Aangrenzende landenKosovo
98%
Aangrenzende landenAlbanië
97%
Aangrenzende landenKroatië
96%
HoofdstadPodgorica
91%
Land waar Montenegro deel van uitmaakte van 1918 tot 1992Joegoslavië
90%
Deel van de Middellandse Zee dat aan Montenegro grenst{Adriatische} Zee
88%
Tweekoppig dier dat op de vlag te zien isAdelaar
84%
Rijk dat tenminste delen van Montenegro regeerde van 1496 tot 1878Ottomaanse Rijk
84%
Schiereiland waar Montenegro op ligtBalkan
82%
Militaire alliantie waar Montenegro in 2017 lid van werdNAVO
82%
Italiaanse stadstaat die van 1420 tot 1797 over die baai heersteVenetië
76%
Betekenis van de naam MontenegroZwarte Berg
76%
Voormalige naam van de hoofdstad van 1946 tot 1992, ter ere van een dictator{Tito}grad
66%
Officiële taalMontenegrijns
65%
Wat is het enige land dat zich recenter bij de Verenigde Naties aansloot?Zuid-Soedan
64%
Grootste baai, UNESCO-werelderfgoedBaai van {Kotor}
47%
Grootste meer in Zuid-EuropaMeer van {Shkodër}
41%

Scoreverdeling

Percentiel versus Aantal Correcte Antwoorden

Procent van Mensen met Elke Score

Uw Scoregeschiedenis

U heeft deze quiz nog niet genomen